<?xml version="1.0" encoding="UTF-8"?><?xml-stylesheet type="text/xsl" href="static/style.xsl"?><OAI-PMH xmlns="http://www.openarchives.org/OAI/2.0/" xmlns:xsi="http://www.w3.org/2001/XMLSchema-instance" xsi:schemaLocation="http://www.openarchives.org/OAI/2.0/ http://www.openarchives.org/OAI/2.0/OAI-PMH.xsd"><responseDate>2026-04-13T08:12:53Z</responseDate><request verb="GetRecord" identifier="oai:www.recercat.cat:2117/397063" metadataPrefix="marc">https://recercat.cat/oai/request</request><GetRecord><record><header><identifier>oai:recercat.cat:2117/397063</identifier><datestamp>2025-07-22T23:17:28Z</datestamp><setSpec>com_2072_1033</setSpec><setSpec>col_2072_452951</setSpec></header><metadata><record xmlns="http://www.loc.gov/MARC21/slim" xmlns:dcterms="http://purl.org/dc/terms/" xmlns:xsi="http://www.w3.org/2001/XMLSchema-instance" xmlns:doc="http://www.lyncode.com/xoai" xsi:schemaLocation="http://www.loc.gov/MARC21/slim http://www.loc.gov/standards/marcxml/schema/MARC21slim.xsd">
   <leader>00925njm 22002777a 4500</leader>
   <datafield ind2=" " ind1=" " tag="042">
      <subfield code="a">dc</subfield>
   </datafield>
   <datafield ind2=" " ind1=" " tag="720">
      <subfield code="a">Argudo Batalla, Manuel</subfield>
      <subfield code="e">author</subfield>
   </datafield>
   <datafield ind2=" " ind1=" " tag="260">
      <subfield code="c">2023-07-13</subfield>
   </datafield>
   <datafield ind2=" " ind1=" " tag="520">
      <subfield code="a">A pesar de tots els avantatges que presenta la generació d’energia a partir de l’ús de generadors FVs, l’eficiència de la conversió energètica d’aquests encara és relativament baixa i el cost inicial de les instal·lacions representa una despesa important. Per tant, resulta essencial introduir tècniques per extreure la màxima potència del sistema i aconseguir així la màxima eficiència que permet la instal·lació. En concret, per ajudar al disseny i optimització d’aquest sistemes, en aquesta tesi de màster es proposa la idea d’utilitzar un Single-Board Computer (SBC) per implementar una plataforma Hardware-in-the-loop (HIL) i comprovar les possibilitats de prototipat i validació que ofereixen aquest tipus de dispositius en un entorn de simulació en temps real. Per fer-ho, es proposa una configuració d’un sistema FV per al que es desenvolupen diferents tipus de controladors de seguiment del punt de màxima potència (MPPT), entre els que s’inclou un ampli espectre de solucions tals com les tècniques clàssiques, les basades en intel·ligència artificial o processos d’optimització, tant per un entorn de simulació pura com es MATLAB-SimulinkTM com per la plataforma HIL basada en una Raspberry PiTM. En ambdós casos, s’analitza el comportament dels controladors sota diferents condicions de treball: condicions de test estàndard (STC), variació de la irradiància, variació de la temperatura i condicions d’ombrejat parcial (PSC). Els resultats obtinguts, a pesar de les limitacions entre la comunicació i potència de càlcul de la plataforma HIL respecte l’entorn de simulació, demostren que sí es possible utilitzar l’enfoc proposat per desenvolupar controladors MPPT de baix cost, contribuint al desenvolupament i implementació de solucions més eficients i sostenibles per a la optimització de l’energia energètica proporcionada pels generadors FVs</subfield>
   </datafield>
   <datafield tag="653" ind2=" " ind1=" ">
      <subfield code="a">Àrees temàtiques de la UPC::Enginyeria electrònica</subfield>
   </datafield>
   <datafield tag="653" ind2=" " ind1=" ">
      <subfield code="a">Photovoltaic power generation</subfield>
   </datafield>
   <datafield tag="653" ind2=" " ind1=" ">
      <subfield code="a">Raspberry Pi (Computer)</subfield>
   </datafield>
   <datafield tag="653" ind2=" " ind1=" ">
      <subfield code="a">Real-time data processing</subfield>
   </datafield>
   <datafield tag="653" ind2=" " ind1=" ">
      <subfield code="a">Automatic control</subfield>
   </datafield>
   <datafield tag="653" ind2=" " ind1=" ">
      <subfield code="a">Governors (Machinery)</subfield>
   </datafield>
   <datafield tag="653" ind2=" " ind1=" ">
      <subfield code="a">Generador fotovoltaic</subfield>
   </datafield>
   <datafield tag="653" ind2=" " ind1=" ">
      <subfield code="a">Raspberry Pi</subfield>
   </datafield>
   <datafield tag="653" ind2=" " ind1=" ">
      <subfield code="a">Hardware-in-the-loop</subfield>
   </datafield>
   <datafield tag="653" ind2=" " ind1=" ">
      <subfield code="a">Matlab simulink</subfield>
   </datafield>
   <datafield tag="653" ind2=" " ind1=" ">
      <subfield code="a">Real time</subfield>
   </datafield>
   <datafield tag="653" ind2=" " ind1=" ">
      <subfield code="a">Desktop real time</subfield>
   </datafield>
   <datafield tag="653" ind2=" " ind1=" ">
      <subfield code="a">MPPT</subfield>
   </datafield>
   <datafield tag="653" ind2=" " ind1=" ">
      <subfield code="a">FV</subfield>
   </datafield>
   <datafield tag="653" ind2=" " ind1=" ">
      <subfield code="a">HIL</subfield>
   </datafield>
   <datafield tag="653" ind2=" " ind1=" ">
      <subfield code="a">P&amp;O</subfield>
   </datafield>
   <datafield tag="653" ind2=" " ind1=" ">
      <subfield code="a">FLC</subfield>
   </datafield>
   <datafield tag="653" ind2=" " ind1=" ">
      <subfield code="a">ANN</subfield>
   </datafield>
   <datafield tag="653" ind2=" " ind1=" ">
      <subfield code="a">PSO</subfield>
   </datafield>
   <datafield tag="653" ind2=" " ind1=" ">
      <subfield code="a">IC</subfield>
   </datafield>
   <datafield tag="653" ind2=" " ind1=" ">
      <subfield code="a">UDP</subfield>
   </datafield>
   <datafield tag="653" ind2=" " ind1=" ">
      <subfield code="a">Energia fotovoltaica -- Generació</subfield>
   </datafield>
   <datafield tag="653" ind2=" " ind1=" ">
      <subfield code="a">Raspberry Pi (Ordinador)</subfield>
   </datafield>
   <datafield tag="653" ind2=" " ind1=" ">
      <subfield code="a">Temps real (Informàtica)</subfield>
   </datafield>
   <datafield tag="653" ind2=" " ind1=" ">
      <subfield code="a">Control automàtic</subfield>
   </datafield>
   <datafield tag="653" ind2=" " ind1=" ">
      <subfield code="a">Reguladors</subfield>
   </datafield>
   <datafield ind2="0" ind1="0" tag="245">
      <subfield code="a">Estudi de controladors MPPT per a generadors fotovoltaics sobre la plataforma Raspberry PI mitjançant Hardware-in-theloop</subfield>
   </datafield>
</record></metadata></record></GetRecord></OAI-PMH>